Computer graphics

Bibliographic Details
Main Author: Hearn, Donald
Other Authors: Baker, M.Pauline
Format: Book
Published: London : Prentice-Hall International , 1986
Edition:Prentice-Hall International editons
Subjects:

MARC

LEADER 00000cam a2200000 7i4500
001 0000008205
002 000008948
005 20000330.0
020 |a 0131655981 
090 0 0 |a 001.64   |b HEA 
100 1 |a Hearn, Donald 
245 1 0 |a Computer graphics   |c Donald Hearn and M.Pauline Baker 
250 |a Prentice-Hall International editons 
260 |a London :   |b Prentice-Hall International ,   |c 1986 
300 |a 352p. :   |b ill ;   |c 25cm. 
650 0 0 |a Computer graphics 
700 1 |a Baker, M.Pauline 
999 |a 0004261   |b BUKU   |c PINJAMAN   |e PERPUSTAKAAN KOMUNITI PETALING JAYA